Torquemada: gran inquisidor de España
Guardat en:
| Autor principal: | |
|---|---|
| Format: | Llibre |
| Idioma: | espanyol |
| Publicat: |
Santiago
Ercilla
1935
|
| Col·lecció: | Procesos de la Historia
|
| Matèries: | |
| Etiquetes: |
Afegir etiqueta
Sense etiquetes, Sigues el primer a etiquetar aquest registre!
|
MARC
| LEADER | 00000nam a2200000 a 4500 | ||
|---|---|---|---|
| 001 | UCZ6071 | ||
| 003 | CL-VaPUC | ||
| 008 | 951201e19350000CL |||||||||||||||||spa|d | ||
| 082 | 0 | 4 | |a 946.02 |b JOU |2 21 |
| 100 | 0 | |a Jouve, Marguerite |e author |9 350278 | |
| 245 | 1 | 0 | |a Torquemada: gran inquisidor de España |
| 300 | |a 129 p | ||
| 942 | |c BK | ||
| 945 | |d 19951201 00:00:00 |a lriquelm | ||
| 260 | |a Santiago |b Ercilla |c 1935 | ||
| 600 | 0 | 7 | |a TORQUEMADA, TOMAS DE |2 CL-VaPUC |9 350279 |
| 650 | 0 | |a Historia |9 255047 | |
| 650 | 0 | |a Inquisición (Iglesia Católica) |9 258578 | |
| 651 | 0 | |a España |9 254926 | |
| 583 | |a last modification |c 19951201 00:00:00 |k Rodrigo Vera | ||
| 490 | 0 | |a Procesos de la Historia | |
| 999 | |c 242330 |d 242328 | ||
| 952 | |0 0 |1 0 |4 0 |6 946_020000000000000_JOU_1935 |7 0 |8 P |9 255190 |a BIBEDU |b BIBEDU |c BIBEDU_PB |d 2019-11-19 |i 1578979 |o 946.02 JOU 1935 |p 1578979 |r 2024-01-25 |w 2019-11-19 |y BK |k FIL | ||